000 00790nam a2200253 a 4500
008
020 _a1868259226 (pbk.)
049 _aMAIN
090 _aQK394
_bVAN
100 1 _aVan Wyk, Braam.
245 1 0 _aField guide to trees of Southern Africa /
_cBraam van Wyk & Piet van Wyk.
246 3 0 _aTrees of Southern Africa.
260 _aCape Town :
_bStruik Publishers,
_c1997.
300 _a536 p. :
_bcol. ill., col. maps ;
_c22 cm.
504 _aIncludes bibliographical references.
500 _aIncludes index.
650 0 _aTrees
_zAfrica, Southern
_xIdentification.
700 1 _aVan Wyk, Piet.
907 _a.b10127628
_b08-05-12
_c17-06-04
003
005 20230918165014.0
040 _cNUST
942 _cBOOKS
_kQK394
_mVAN
_01
999 _c159540
_d159540